| 000 | 01336nam0a2200361 4500 | ||
|---|---|---|---|
| 001 | RU\NLR\bibl\1176159 | ||
| 005 | 20260409080721.0 | ||
| 010 |
_a978-5-88503-340-4 _93000 |
||
| 021 |
_aRU _b2007-81659 _94400 |
||
| 035 | _a(NLR Aleph) 001347150 | ||
| 090 |
_a897568 _c897568 |
||
| 100 | _a20080116d2007 |||y0rusy50 ca | ||
| 101 | 0 |
_arus _aara |
|
| 102 | _aRU | ||
| 105 | _aa ||||||||| | ||
| 200 | 1 |
_aВведение в чтение Корана _iАлфавит _f[сост. Ибн Мирзакарим ал-Карнаки] |
|
| 205 | _aИзд. перераб. и испр. | ||
| 210 |
_aМосква _aСанкт-Петербург _cДиля _d2007 |
||
| 215 |
_a79 с. _cил. _d23 |
||
| 300 | _aТекст на рус. и араб. яз. | ||
| 320 | _aБиблиогр.: с. 79 (5 назв.) | ||
| 500 |
_aКоран _3RU\NLR\AUTH\559118 _92631165 |
||
| 605 |
_aКоран _xИсследование текста _92075602 _3RU\NLR\auth\661250682 |
||
| 686 | _aЭ38-210.2 | ||
| 702 | 1 |
_4220 _8rus _7ca _aКарнаки _bИ. М. ал _gИбн Мирзакарим ал _3RU\NLR\AUTH\7735106 _918105 |
|
| 801 | 0 |
_aRU _bNLR _c20080116 _gRCR |
|
| 801 | 1 |
_aRU _bNLR _c20080116 |
|
| 852 |
_aNLR _jОЛСАА |
||
| 942 | _cBOOK | ||
| 980 | _aNB | ||